Inorganic Chemistry (Record no. 6305)

MARC details
000 -LEADER
fixed length control field 00558nam a22002057a 4500
003 - CONTROL NUMBER IDENTIFIER
control field OSt
005 - DATE AND TIME OF LATEST TRANSACTION
control field 20190905152716.0
008 - FIXED-LENGTH DATA ELEMENTS--GENERAL INFORMATION
fixed length control field 190905b ||||| |||| 00| 0 eng d
020 ## - INTERNATIONAL STANDARD BOOK NUMBER
International Standard Book Number 9781292134147
040 ## - CATALOGING SOURCE
Transcribing agency DDC
082 ## - DEWEY DECIMAL CLASSIFICATION NUMBER
Classification number 546 HOU 2018
100 ## - MAIN ENTRY--PERSONAL NAME
Personal name Housecroft, Catherine E.; Sharpe, A. G.
9 (RLIN) 12926
245 ## - TITLE STATEMENT
Title Inorganic Chemistry
250 ## - EDITION STATEMENT
Edition statement 8th ed.
260 ## - PUBLICATION, DISTRIBUTION, ETC. (IMPRINT)
Place of publication, distribution, etc. England;
Name of publisher, distributor, etc. Pearson,
Date of publication, distribution, etc. 2018
300 ## - PHYSICAL DESCRIPTION
Extent xli,1246p;
Other physical details col.ill:
Dimensions 28cm
504 ## - BIBLIOGRAPHY, ETC. NOTE
Bibliography, etc Appendices, answers, & index included
650 ## - SUBJECT ADDED ENTRY--TOPICAL TERM
Topical term or geographic name as entry element Inorganic chemistry
9 (RLIN) 799
942 ## - ADDED ENTRY ELEMENTS (KOHA)
Source of classification or shelving scheme Other/Generic Classification Scheme
Koha item type Book Bank
Holdings
Withdrawn status Lost status Source of classification or shelving scheme Damaged status Not for loan Home library Current library Date acquired Source of acquisition Inventory number Total Checkouts Full call number Barcode Date last seen Date last checked out Koha item type Public note
    Dewey Decimal Classification     MUST Main Library Faculty of Interdisciplinary Studies Library 05/09/2019 Purchase 19/41066 3 546 HOU 2018 2019-0402 15/08/2022 01/08/2022 Open Shelf  
    Dewey Decimal Classification     MUST Main Library MUST Main Library 05/09/2019 Purchase 19/41065 2 546 HOU 2018 2019-0401 10/03/2023 22/02/2023 Open Shelf No borrowing
    Dewey Decimal Classification     MUST Main Library MUST Main Library 05/09/2019 Purchase 19/41067 1 546 HOU 2018 2019-0403 10/10/2019 26/09/2019 Open Shelf